[Event "Campina Grande 1st"]
[Site "Campina Grande"]
[Date "2019.04.11"]
[Round "5"]
[White "Rodrigues da Silva, Evandro"]
[Black "Da Silva Junior, Antonio Gomes"]
[Result "1-0"]
[WhiteElo "2121"]
[BlackElo "1803"]
[PlyCount "34"]
[EventDate "2019.04.09"]
[EventType "tourn"]
[EventRounds "11"]
[EventCountry "BRA"]
[SourceTitle "CBM 190 Extra"]
[Source "ChessBase"]
[SourceDate "2019.07.15"]
[SourceVersion "1"]
[SourceVersionDate "2019.07.15"]
[SourceQuality "1"]

1. d4 d5 2. c4 e6 3. g3 dxc4 4. Bg2 c5 5. d5 Qa5+ 6. Nc3 g6 7. dxe6 fxe6 8. Nf3 Nf6 9. 0-0 Nc6 10. Bf4 Bd7 11. Ne5 0-0-0 12. Nf7 Be8 13. Nxd8 Nxd8 14. Be5 Bg7 15. Qd6 Nc6 16. Bxf6 Bxf6 17. Qxe6+ Bd7 1-0

[Event "Campina Grande 1st"]
[Site "Campina Grande"]
[Date "2019.04.10"]
[Round "4"]
[White "Da Silva Junior, Antonio Gomes"]
[Black "Tejo, Joao Jorge de Medei"]
[Result "0-1"]
[WhiteElo "1803"]
[BlackElo "1922"]
[PlyCount "22"]
[EventDate "2019.04.09"]
[EventType "tourn"]
[EventRounds "11"]
[EventCountry "BRA"]
[SourceTitle "CBM 190 Extra"]
[Source "ChessBase"]
[SourceDate "2019.07.15"]
[SourceVersion "1"]
[SourceVersionDate "2019.07.15"]
[SourceQuality "1"]

1. e4 c5 2. Nf3 d6 3. Bb5+ Nc6 4. d4 Nf6 5. Nc3 g6 6. Bg5 Bg7 7. Nd5 Nxe4 8. Bxe7 Qa5+ 9. b4 cxb4 10. 0-0 Be6 11. Bxc6+ bxc6 0-1

[Event "BRA-ch Amateur U1800"]
[Site "Sao Paulo"]
[Date "2018.06.03"]
[Round "7"]
[White "Da Silva Junior, Antonio Gomes"]
[Black "Reis, Arnaldo Ulisses"]
[Result "0-1"]
[WhiteElo "1798"]
[BlackElo "1652"]
[PlyCount "88"]
[EventDate "2018.05.31"]
[EventType "swiss"]
[EventRounds "7"]
[EventCountry "BRA"]
[SourceTitle "EXT 2021"]
[Source "ChessBase"]
[SourceDate "2020.10.23"]
[SourceVersion "1"]
[SourceVersionDate "2020.10.23"]
[SourceQuality "1"]

1. e4 c5 2. Nf3 Nc6 3. Bc4 e6 4. c3 d5 5. exd5 exd5 6. Bb3 Be7 7. d3 Nf6 8. Bg5 0-0 9. 0-0 Re8 10. Re1 Bg4 11. Nbd2 Qd6 12. Ba4 a6 13. Bxc6 Qxc6 14. Ne5 Bxd1 15. Nxc6 bxc6 16. Raxd1 h6 17. Bh4 Kf8 18. Re2 Ng8 19. Bg3 Red8 20. Rde1 d4 21. c4 f5 22. Re6 Rac8 23. Nf3 g5 24. h4 f4 25. Bh2 Bf6 26. hxg5 hxg5 27. g3 g4 28. Nh4 f3 29. Kf1 Re8 30. R6e4 Rxe4 31. Rxe4 Nh6 32. Rf4 Ke7 33. Nxf3 gxf3 34. Rxf3 Ng4 35. Kg2 Ke6 36. Rf4 Rg8 37. Bg1 Ne5 38. Re4 Kd6 39. Rf4 Rg6 40. b4 Nxd3 41. bxc5+ Kxc5 42. Rf5+ Kxc4 43. Ra5 Nc5 44. f4 Kb4 0-1

[Event "BRA-ch Amateur U1800"]
[Site "Sao Paulo"]
[Date "2018.06.02"]
[Round "5"]
[White "Da Silva Junior, Antonio Gomes"]
[Black "Andrade, Guilherme A de Sou"]
[Result "0-1"]
[WhiteElo "1798"]
[BlackElo "1725"]
[PlyCount "140"]
[EventDate "2018.05.31"]
[EventType "swiss"]
[EventRounds "7"]
[EventCountry "BRA"]
[SourceTitle "EXT 2021"]
[Source "ChessBase"]
[SourceDate "2020.10.23"]
[SourceVersion "1"]
[SourceVersionDate "2020.10.23"]
[SourceQuality "1"]

1. e4 c5 2. Nf3 e6 3. Bc4 a6 4. c3 Qc7 5. Qe2 b5 6. Bb3 Nc6 7. 0-0 Nge7 8. a4 b4 9. d4 bxc3 10. bxc3 Ng6 11. d5 Na5 12. Ba2 Be7 13. Bd2 c4 14. Be3 Nb3 15. Bxb3 cxb3 16. c4 a5 17. Rc1 Qb8 18. Qb2 0-0 19. Rc3 Bf6 20. Bd4 Bxd4 21. Nxd4 Qe5 22. Rxb3 Nf4 23. Re3 Rb8 24. Qd2 Rb4 25. Nc3 Rxc4 26. Rd1 Ba6 27. g3 Ng6 28. Nf3 Qc7 29. Nb5 Bxb5 30. axb5 Rb8 31. dxe6 dxe6 32. Rb3 Rxe4 33. b6 Qc4 34. Qd6 Qc8 35. Rdb1 Rb4 36. Rxb4 axb4 37. Rxb4 Qb7 38. Qc7 Ne7 39. Rc4 f6 40. Qxb7 Rxb7 41. Rc7 Rxc7 42. bxc7 Nc8 43. Nd4 Kf7 44. f4 Ke7 45. Kf2 g6 46. Ke3 Kd7 47. g4 Ne7 48. Ke4 Nc8 49. h4 Nd6+ 50. Kf3 e5 51. fxe5 fxe5 52. Ne2 Kxc7 53. Ng3 Kd7 54. h5 Ke6 55. hxg6 hxg6 56. g5 Nf7 57. Kg4 Kd5 58. Ne2 Kc4 59. Ng3 Kd3 60. Nf5 gxf5+ 61. Kxf5 e4 62. g6 Nh6+ 63. Kg5 Ng8 64. g7 e3 65. Kg6 e2 66. Kf7 e1Q 67. Kxg8 Qe8+ 68. Kh7 Qh5+ 69. Kg8 Kd4 70. Kf8 Qf5+ 0-1

[Event "BRA-ch U26"]
[Site "Uberlandia"]
[Date "2015.10.18"]
[Round "7"]
[White "Flach, Kauan Andrei"]
[Black "Da Silva Junior, Antonio Gomes"]
[Result "1-0"]
[WhiteElo "1791"]
[BlackElo "1875"]
[PlyCount "69"]
[EventDate "2015.10.15"]
[EventType "swiss"]
[EventRounds "7"]
[EventCountry "BRA"]
[SourceTitle "CBM 168 Extra"]
[Source "ChessBase"]
[SourceDate "2015.10.29"]
[SourceVersion "1"]
[SourceVersionDate "2015.10.29"]
[SourceQuality "1"]

1. e4 c5 2. Nf3 Nc6 3. d4 d5 4. Bb5 dxe4 5. d5 a6 6. dxc6 Qxd1+ 7. Kxd1 axb5 8. cxb7 Bxb7 9. Ne1 b4 10. Be3 Rd8+ 11. Nd2 e6 12. a3 bxa3 13. Rxa3 Nf6 14. c4 Ng4 15. Nc2 Nxe3+ 16. Nxe3 f5 17. Ke2 Be7 18. Ra7 Rd7 19. Rha1 0-0 20. Nb3 f4 21. Ng4 f3+ 22. gxf3 exf3+ 23. Ke1 Rf4 24. Ne3 Rh4 25. Rd1 Rxd1+ 26. Kxd1 Rxh2 27. Rxb7 Bh4 28. Ng4 Rg2 29. Ne5 h6 30. Nxc5 Rxf2 31. Nxe6 Rf1+ 32. Kc2 Bf6 33. Rb8+ Kh7 34. Nf8+ Kh8 35. Nfg6+ 1-0

[Event "BRA-ch U26"]
[Site "Uberlandia"]
[Date "2015.10.16"]
[Round "3"]
[White "Da Silva Junior, Antonio Gomes"]
[Black "Cardoso Sampaio, Thyerre Augusto"]
[Result "1-0"]
[WhiteElo "1875"]
[BlackElo "2018"]
[PlyCount "87"]
[EventDate "2015.10.15"]
[EventType "swiss"]
[EventRounds "7"]
[EventCountry "BRA"]
[SourceTitle "CBM 168 Extra"]
[Source "ChessBase"]
[SourceDate "2015.10.29"]
[SourceVersion "1"]
[SourceVersionDate "2015.10.29"]
[SourceQuality "1"]

1. c4 e6 2. Nf3 d5 3. cxd5 exd5 4. d4 Nf6 5. Bg5 c6 6. Qd3 Be7 7. Bxf6 Bxf6 8. e4 dxe4 9. Qxe4+ Qe7 10. Bd3 Qxe4+ 11. Bxe4 Be6 12. 0-0 0-0 13. Nc3 Rd8 14. Rad1 Bd5 15. Rfe1 Na6 16. Bxd5 cxd5 17. Re2 Nc7 18. g3 Rac8 19. Ne5 Ne6 20. f4 h6 21. f5 Nc7 22. Ng4 Re8 23. Nxf6+ gxf6 24. Rde1 Rxe2 25. Rxe2 Kf8 26. Kf2 Re8 27. Rxe8+ Kxe8 28. Kf3 Kf8 29. Kg4 b6 30. b4 b5 31. Ne2 Na6 32. a3 Kg8 33. Nf4 Nc7 34. h4 Kf8 35. Kh5 Kg7 36. g4 a6 37. g5 hxg5 38. hxg5 fxg5 39. Kxg5 f6+ 40. Kh5 Kh7 41. Kg4 Kg7 42. Ne6+ Nxe6 43. fxe6 Kf8 44. Kf4 1-0